000 00278nam a2200121 a 4500
008 101208s1988|||| d
245 1 0 _aObrazy
100 1 _aŠtraus, Dušan
041 _aslo
044 _axo
_cSK
260 _bDuklianske tlačiarne
_aPrešov
_c1988
020 _c10
999 _c14893
_d14893